Statistics for "A Whole New World" Lyrics

Click here to take the quiz!

General Stats

  • This quiz has been taken 58,521 times
    (56,244 since last reset)
  • The average score is 25 of 37

Answer Stats

Lyric% Correct
A whole {new} {world}
98%
Now I'm in a whole {new} {world} with you
98%
That now I'm in a whole {new} {world} with you
98%
I can open your {eyes}
96%
I can {show} {you} the world
94%
You last let your {heart} decide?
93%
Don't you dare {close} your eyes
88%
On a {magic} {carpet} ride
88%
{Shining}, shimmering, splendid
88%
Tell me, {princess}, now when did
84%
No one to tell us no or {where} {to} {go}
83%
Take you {wonder} by {wonder}
83%
Over, sideways and {under}
81%
A new {fantastic} point of view
79%
But when I'm way up here, it's {crystal} {clear}
78%
I'm like a {shooting} star
78%
Or say we're only {dreaming}
77%
I've come {so} {far}
76%
A hundred thousand things {to} {see}
64%
For you {and} {me}
63%
I can't {go} {back}
61%
Let me {share} this whole new world with you
60%
To where I {used} {to} {be}
56%
Every turn a {surprise}
54%
{Unbelievable} sights
54%
A wondrous {place}
53%
{Indescribable} feeling
53%
A {dazzling} place I never knew
52%
Through an endless {diamond} sky
51%
There's time to {spare}
50%
Soaring, {tumbling}, freewheeling
49%
(Hold your breath, it {gets} {better})
48%
That's where {we}'{ll} {be}
47%
I'll chase them {anywhere}
45%
A thrilling {chase}
40%
With new {horizons} to pursue
31%
Every moment {red}-{letter}
27%

Score Distribution

Percentile by Number Answered

Percent of People with Each Score

Your Score History

You have not taken this quiz since the last reset